| 000 | 00623nam a2200217Ia 4500 | ||
|---|---|---|---|
| 008 | 180620s9999 xx 000 0 und d | ||
| 020 | _a978-81-207-2234-7 | ||
| 050 | _aREF PE 1131 | ||
| 050 | _b.S86 2010 | ||
| 100 | _aSunita, K.S. | ||
| 245 | 0 | _aCommunication skills : | |
| 245 | 0 | _bEnglish conversation practice / | |
| 245 | 0 | _cK.S. Sunita, Annie Pothen, Sumita Roy; with a foreword by Prof. C. Subba Rao. | |
| 260 | _aNew Delhi : | ||
| 260 | _bSterling Paper Back., | ||
| 260 | _c2010 | ||
| 300 | _a123 pages : | ||
| 300 | _c22 cm. | ||
| 650 | _aConversation. | ||
| 650 | _xEnglish language -- Exercises. | ||
| 999 |
_c358022 _d358022 |
||